000
00264cam a22000977a 4500
008
180718b1939 xxu||||| |||| 00| 0 eng d
082
_a
R6x5411 As72 c.2
245
_a
Report of the court of enquiry
260
_a
Shillong
_b
Assam Government Press
_c
1939
300
_a
55p
999
_c
420535
_d
420535